000 00619nam a2200193 i 4500
001 106406
003 ES-MaACL
005 20230906184133.0
007 t|
008 061113s1956 fr ||||1| fre d
080 _a016:821.133.1-2"19"
100 1 _aBergeaud, Jean.
_927946
245 1 0 _aJe choisis mon théâtre :
_bencyclopédie du théâtre contemporain /
_cpar Jean Bergeaud.
260 _aParis :
_bOdilis,
_c[1956]
300 _a712 p. ;
_c19 cm.
650 4 _aTeatro francés-
_yS.XX.
_917362
650 4 _aTeatro-
_zFrancia.
_917308
852 4 _aES-MaACL
_jE-11385
_z- Biblioteca Jacinto Martínez Lacalle
999 _c106406
_d106406